Language Quiz

Random Language or German Quiz

German Top 10 Boy Names per Decade Quiz Stats

Quiz not verified by Sporcle

Challenge
Share
Tweet
Embed
Score 0/130 Timer 11:00
0 Plays Today
% Correct
Hans
80.4%
Hans
80.4%
Hans
80.4%
Hans
80.4%
Hans
80.4%
Hans
80.4%
Hans
80.4%
Michael
75%
Michael
75%
Michael
75%
Michael
75%
Peter
72.8%
Peter
72.8%
Peter
72.8%
Peter
72.8%
Karl
72.5%
Karl
72.5%
Karl
72.5%
Karl
72.5%
Karl
72.5%
Thomas
72.3%
Thomas
72.3%
Thomas
72.3%
Paul
68.7%
Paul
68.7%
Paul
68.7%
Paul
68.7%
Wilhelm
68%
Wilhelm
68%
Wilhelm
68%
Heinrich
63.1%
Heinrich
63.1%
Stefan
62.9%
Stefan
62.9%
Stefan
62.9%
Friedrich
62.1%
Christian
58.1%
Christian
58.1%
Markus
57.7%
Sebastian
56%
Martin
55.6%
Jan
54.8%
Jan
54.8%
Jan
54.8%
% Correct
Jan
54.8%
Alexander
54.5%
Alexander
54.5%
Alexander
54.5%
Otto
54.4%
Otto
54.4%
Otto
54.4%
Andreas
54%
Andreas
54%
Andreas
54%
Lukas
53.8%
Lukas
53.8%
Lukas
53.8%
Klaus
53.4%
Klaus
53.4%
Klaus
53.4%
Wolfgang
52.6%
Wolfgang
52.6%
Daniel
52.2%
Daniel
52.2%
Luca
52%
Luca
52%
Jürgen
51.5%
Jürgen
51.5%
Jürgen
51.5%
Ben
50.9%
Hermann
49.7%
Hermann
49.7%
Frank
49.7%
Heinz
49.5%
Heinz
49.5%
Heinz
49.5%
Matthias
48.3%
Matthias
48.3%
Philipp
48.2%
Günter
47.9%
Günter
47.9%
Günter
47.9%
Dieter
47.3%
Walter
47.3%
Walter
47.3%
Walter
47.3%
Walter
47.3%
Leon
46.4%
% Correct
Leon
46.4%
Tim
46.1%
Tim
46.1%
Gerhard
45.6%
Gerhard
45.6%
Willi
45.2%
Kevin
43.8%
Helmut
43.8%
Werner
42.5%
Werner
42.5%
Werner
42.5%
Maximilian
42.3%
Bernd
39.6%
Kurt
39.1%
Kurt
39.1%
Uwe
38.1%
Uwe
38.1%
Ernst
37.5%
Ernst
37.5%
Ernst
37.5%
Jörg
36.3%
Ralf
36.2%
Felix
36.2%
Felix
36.2%
Florian
35.3%
Tobias
35.2%
Sven
34.5%
Herbert
34.4%
Jonas
34.2%
Jonas
34.2%
Horst
34.1%
Horst
34.1%
Horst
34.1%
Torsten
33.1%
Manfred
32.3%
Dennis
31.2%
Dennis
31.2%
Finn
29.1%
Finn
29.1%
Luis
28%
Niklas
26.3%
Marcel
26.2%

You're not logged in!

Compare scores with friends on all Sporcle quizzes.
Sign Up with Email
OR
Log In

You Might Also Like...

Show Comments

Extras

Editor's Pick Jul 25, 2012SourceReportNominate
Tags:Decade Quiz, German Quiz, boy, Germany

Top Quizzes Today


Score Distribution

Your Account Isn't Verified!

In order to create a playlist on Sporcle, you need to verify the email address you used during registration. Go to your Sporcle Settings to finish the process.

Report this User

Report this user for behavior that violates our Community Guidelines.

Details: